000 00734nam a2200205Ii 4500
003 JO-AjNU
008 230605s9999||||xx |||||||||||||| ||und||
017 _a2009/1/259
040 _aJO-AjNU
_bara
_erda
_cJO-AjNU
041 _aara
050 1 4 _aHG1607.A7.R3952 2010
100 3 _aالراوي، خالد وهيب,
_eauthor
_933394
245 0 0 _aالعمليات المصرفية الخارجية
264 3 1 _aعمان: دار المناهج للنشر والتوزيع، 2010
300 _a470ص
_bيحتوي على مصطلحات من 459-470ص
336 _atext
_btxt
_2rdacontent
337 _aunmediated
_bn
_2rdamedia
338 _avolume
_bnc
_2rdacarrier
650 4 _aالبنوك - السياسة المالية
_933395
999 _aA13587
_c17155
_d17155